[Event "2nd IMSA Blitz w 2017"]
[Site "Huai'an CHN"]
[Date "2017.12.12"]
[Round "1.1"]
[White "Ju, Wenjun"]
[Black "Muzychuk, Anna"]
[Result "0-1"]
[WhiteTitle "GM"]
[BlackTitle "GM"]
[WhiteElo "2567"]
[BlackElo "2582"]
[WhiteFideId "8603006"]
[BlackFideId "14111330"]
[EventDate "2017.12.12"]

1. d4 Nf6 2. c4 g6 3. g3 c5 4. d5 Bg7 5. Nc3 d6 6. Bg2 O-O 7. Nf3 e6 8. O-O exd5
9. cxd5 Re8 10. Nd2 a6 11. a4 Nbd7 12. Qb3 Rb8 13. Nc4 Ne5 14. Nb6 Nfd7 15. Nxc8
Qxc8 16. h3 c4 17. Qc2 Nc5 18. Ne4 Nxe4 19. Bxe4 Qxh3 20. Bg2 Qh5 21. Bf4 Ng4
22. Rfd1 Be5 23. Bxe5 Rxe5 24. e4 Rc8 25. Qe2 f5 26. f3 Qh2+ 27. Kf1 fxe4 28. f4
Qxg3 29. fxe5 Rf8+ 0-1

[Event "2nd IMSA Blitz w 2017"]
[Site "Huai'an CHN"]
[Date "2017.12.12"]
[Round "1.2"]
[White "Muzychuk, Mariya"]
[Black "Dzagnidze, Nana"]
[Result "0-1"]
[WhiteTitle "GM"]
[BlackTitle "GM"]
[WhiteElo "2544"]
[BlackElo "2522"]
[WhiteFideId "14114550"]
[BlackFideId "13601903"]
[EventDate "2017.12.12"]

1. d4 Nf6 2. c4 e6 3. g3 d5 4. Bg2 Bb4+ 5. Bd2 Be7 6. Nf3 O-O 7. Qc2 b6 8. O-O
Bb7 9. b3 Nbd7 10. Nc3 c5 11. cxd5 exd5 12. Bf4 Ne4 13. Nxe4 dxe4 14. Nd2 f5 15.
dxc5 Nxc5 16. Rad1 Qe8 17. b4 Ne6 18. Qb3 Qf7 19. Nc4 Nxf4 20. gxf4 Bd5 21. Rxd5
Qxd5 22. Rd1 Qe6 23. f3 Rac8 24. Ne5 Qxb3 25. axb3 Rfd8 26. Ra1 Bxb4 27. fxe4
Bc5+ 28. Kf1 Bd4 29. Rb1 fxe4 30. Nc4 b5 31. Na5 Bb6 32. Nb7 Rf8 33. e3 Bxe3 34.
Ke2 Bxf4 35. Bxe4 Rce8 36. Kd3 g6 37. Nc5 Bd6 38. Nd7 Rf2 39. Re1 Rd8 40. Bd5+
Kg7 41. Bc6 Bxh2 42. Re7+ Kh6 43. Bxb5 a6 44. Ba4 Bd6 45. Re6 Bf8 46. Rxa6 Rf7
47. Ra7 Kg7 48. Ke4 h5 49. b4 Bxb4 50. Rb7 Bf8 51. Kd5 h4 52. Ke6 Re7+ 53. Kd6
Rexd7+ 0-1

[Event "2nd IMSA Blitz w 2017"]
[Site "Huai'an CHN"]
[Date "2017.12.12"]
[Round "1.3"]
[White "Tan, Zhongyi"]
[Black "Harika, Dronavalli"]
[Result "1-0"]
[WhiteTitle "GM"]
[BlackTitle "GM"]
[WhiteElo "2517"]
[BlackElo "2504"]
[WhiteFideId "8603642"]
[BlackFideId "5015197"]
[EventDate "2017.12.12"]

1. d4 d6 2. Nf3 Nf6 3. c4 g6 4. g3 Bg7 5. Bg2 O-O 6. O-O Nbd7 7. Nc3 e5 8. e4
exd4 9. Nxd4 a6 10. h3 Re8 11. Re1 Rb8 12. a4 Ne5 13. b3 Nfd7 14. Be3 Nc5 15.
Qc2 Bd7 16. Rad1 Qc8 17. Kh2 h5 18. f4 Nc6 19. Nd5 Ne6 20. Nf3 Nc5 21. Bxc5 dxc5
22. e5 Nb4 23. Qf2 Nxd5 24. cxd5 c4 25. bxc4 Bxa4 26. Rc1 Bd7 27. Ng5 c6 28. Qa2
Bf5 29. e6 fxe6 30. Nxe6 Bxe6 31. dxe6 Kh7 32. f5 h4 33. fxg6+ Kh8 34. Qe2 Kg8
35. Qh5 Qc7 36. Qh7+ Kf8 37. Rf1+ Ke7 38. Qxg7+ Kd8 39. Rcd1+ Kc8 40. Qd7+ 1-0

[Event "2nd IMSA Blitz w 2017"]
[Site "Huai'an CHN"]
[Date "2017.12.12"]
[Round "1.6"]
[White "Lagno, Kateryna"]
[Black "Paehtz, Elisabeth"]
[Result "1-0"]
[WhiteTitle "GM"]
[BlackTitle "IM"]
[WhiteElo "2547"]
[BlackElo "2464"]
[WhiteFideId "14109336"]
[BlackFideId "4641833"]
[EventDate "2017.12.12"]

1. e4 c5 2. Nf3 Nf6 3. e5 Nd5 4. Nc3 Nxc3 5. dxc3 e6 6. Bc4 b6 7. Bf4 Bb7 8. Qd2
h6 9. h4 Qc7 10. O-O-O Nc6 11. Qe3 Na5 12. Be2 O-O-O 13. Rd2 Be7 14. Rhd1 Bc6
15. h5 Kb8 16. Kb1 Nb7 17. Bg3 Rhg8 18. Qf4 Rgf8 19. Qg4 Rg8 20. Bd3 Bf8 21. Be4
Bxe4 22. Qxe4 Be7 23. a3 Na5 24. c4 Nc6 25. b3 Kc8 26. Qf4 f5 27. Bh4 g5 28.
hxg6 Rxg6 29. Bxe7 Nxe7 30. g3 Nc6 31. Qe3 Rg4 32. Qxh6 Nxe5 33. Qe3 Nc6 34. Qc3
e5 35. Rd5 d6 36. Qd2 Nd4 37. Nxd4 Rxd4 38. Qg5 Qf7 39. R1xd4 cxd4 40. f4 Rg8
41. Qh4 Rg4 42. Qh8+ Rg8 43. Qh3 exf4 44. gxf4 Rg4 45. Qh8+ Kc7 46. Qxd4 Qe6 47.
Kb2 Rg2 48. Qd3 Rf2 49. Qxf5 Qe3 50. Qh7+ Kc6 51. Qxa7 Qe2 52. Qa4+ Kc7 53. b4
Qxc4 54. Qb3 Qxb3+ 55. Kxb3 Rxf4 56. a4 Kc6 57. Rh5 Rf3+ 58. c3 Rg3 59. Rh8 Rf3
60. Rc8+ Kb7 61. Rd8 Kc7 62. Rh8 Kc6 63. b5+ Kd5 64. Rc8 Rf1 65. Rc6 Rb1+ 66.
Ka2 Rd1 67. Rxb6 Kc4 68. Rc6+ Kd5 69. c4+ Ke5 70. b6 Rd2+ 71. Ka3 Rd3+ 72. Kb4 1-0

[Event "2nd IMSA Blitz w 2017"]
[Site "Huai'an CHN"]
[Date "2017.12.12"]
[Round "2.1"]
[White "Ju, Wenjun"]
[Black "Muzychuk, Mariya"]
[Result "1-0"]
[WhiteTitle "GM"]
[BlackTitle "GM"]
[WhiteElo "2567"]
[BlackElo "2544"]
[WhiteFideId "8603006"]
[BlackFideId "14114550"]
[EventDate "2017.12.12"]

1. d4 Nf6 2. Nf3 g6 3. g3 Bg7 4. Bg2 O-O 5. O-O d5 6. Nbd2 c5 7. e3 Nc6 8. c3
Bf5 9. Ne5 Nxe5 10. dxe5 Ng4 11. Qb3 Nxe5 12. Qxb7 e6 13. e4 dxe4 14. Nxe4 Rb8
15. Qxa7 c4 16. Bg5 f6 17. Bf4 Rxb2 18. Bxe5 fxe5 19. a4 Rf7 20. Qc5 Rc7 21. Qa5
Qb8 22. Rad1 Qa7 23. Qxa7 Rxa7 24. Rd8+ Kf7 25. Ra1 Bxe4 26. Bxe4 Rb3 27. a5 Bf8
28. a6 Rxc3 29. Bb7 Bc5 30. Rc8 Bd4 31. Ra4 Rc2 32. Raxc4 Rb2 33. R4c7+ Kf6 34.
Rf8+ Kg5 35. Rxh7 e4 36. Kg2 e3 37. h4+ Kg4 38. Bf3# 1-0

[Event "2nd IMSA Blitz w 2017"]
[Site "Huai'an CHN"]
[Date "2017.12.12"]
[Round "2.5"]
[White "Dzagnidze, Nana"]
[Black "Tan, Zhongyi"]
[Result "0-1"]
[WhiteTitle "GM"]
[BlackTitle "GM"]
[WhiteElo "2522"]
[BlackElo "2517"]
[WhiteFideId "13601903"]
[BlackFideId "8603642"]
[EventDate "2017.12.12"]

1. Nf3 Nf6 2. c4 e6 3. b3 d5 4. Bb2 c5 5. cxd5 exd5 6. e3 Be7 7. d4 b6 8. Bd3
O-O 9. O-O Nc6 10. dxc5 bxc5 11. Nc3 Bg4 12. Ne2 Ne4 13. Rc1 Bf6 14. Bxf6 Qxf6
15. Nf4 Rad8 16. h3 Bxf3 17. gxf3 Nc3 18. Qc2 d4 19. Bxh7+ Kh8 20. Qf5 Qh6 21.
Bg6 Ne7 22. Qxc5 Nxg6 23. Nxg6+ fxg6 24. Kh2 Rxf3 0-1

[Event "2nd IMSA Blitz w 2017"]
[Site "Huai'an CHN"]
[Date "2017.12.12"]
[Round "2.6"]
[White "Muzychuk, Anna"]
[Black "Paehtz, Elisabeth"]
[Result "1-0"]
[WhiteTitle "GM"]
[BlackTitle "IM"]
[WhiteElo "2582"]
[BlackElo "2464"]
[WhiteFideId "14111330"]
[BlackFideId "4641833"]
[EventDate "2017.12.12"]

1. e4 e5 2. Nf3 Nc6 3. Bb5 a6 4. Ba4 Nf6 5. O-O Be7 6. Re1 b5 7. Bb3 d6 8. c3
O-O 9. d4 Bg4 10. Be3 exd4 11. cxd4 Na5 12. Bc2 Nc4 13. Bc1 c5 14. b3 Nb6 15.
Nbd2 Bh5 16. Bb2 Rc8 17. a4 b4 18. a5 Nbd7 19. h3 Bg6 20. d5 Re8 21. Nc4 Bf8 22.
Bxf6 Qxf6 23. Qd2 Bh5 24. Nh2 Ne5 25. Nb6 Rcd8 26. f4 Ng6 27. f5 Ne5 28. g4 Qh4
29. Qg2 Be7 30. gxh5 Bf6 31. Rad1 Qxh5 32. Ng4 Bh4 33. Rf1 Bg5 34. Nxe5 Rxe5 35.
Nc4 Ree8 36. Bd3 Bf6 37. Qg4 Qh6 38. Kh1 Bd4 39. Rd2 g6 40. Rg2 Kh8 41. Nb6 gxf5
42. Qxf5 Rg8 43. e5 Rxg2 44. Kxg2 Rg8+ 45. Kh1 Bxe5 46. Be4 Rg3 47. Bg2 Qd2 48.
Rf2 Qd1+ 49. Rf1 Qd2 50. Rf2 Qd1+ 51. Bf1 Bd4 52. Rg2 Rxh3+ 53. Rh2 Rxh2+ 54.
Kxh2 Be5+ 55. Kh3 Qxb3+ 56. Bd3 Kg8 57. Nd7 1-0

[Event "2nd IMSA Blitz w 2017"]
[Site "Huai'an CHN"]
[Date "2017.12.12"]
[Round "3.1"]
[White "Lagno, Kateryna"]
[Black "Zhao, Xue"]
[Result "0-1"]
[WhiteTitle "GM"]
[BlackTitle "GM"]
[WhiteElo "2547"]
[BlackElo "2477"]
[WhiteFideId "14109336"]
[BlackFideId "8601283"]
[EventDate "2017.12.12"]

1. e4 Nf6 2. e5 Nd5 3. d4 d6 4. Nf3 c6 5. c4 Nb6 6. Nc3 Bg4 7. exd6 exd6 8. h3
Bh5 9. Be2 Be7 10. Qb3 O-O 11. O-O a5 12. a4 Na6 13. Be3 Nb4 14. Na2 Nxa2 15.
Qxa2 Nd7 16. Qb3 Qc7 17. Bf4 Qb6 18. Qc3 Rfe8 19. Rfe1 Nf8 20. Be3 Bf6 21. Rad1
Rad8 22. g4 Bg6 23. Bd2 Ra8 24. g5 Bd8 25. Be3 Qc7 26. d5 c5 27. Nh4 Be4 28. f3
Ng6 29. Ng2 Bf5 30. h4 h5 31. gxh6 Bf6 32. Qd2 Nxh4 33. Bg5 Bd4+ 34. Kh2 Nxg2
35. Kxg2 f6 36. Bf4 Qf7 37. Bg3 Be3 38. Qc3 Qg6 39. Bd3 Bf4 40. Bxf5 Qxg3+ 41.
Kf1 Re5 42. Rxe5 Bxe5 43. Qd3 Bd4 44. Rd2 Re8 45. Be4 Qg1+ 46. Ke2 f5 47. hxg7
fxe4 48. fxe4 Qg2+ 49. Kd1 Qxe4 50. Qh3 Qb1# 0-1

[Event "2nd IMSA Blitz w 2017"]
[Site "Huai'an CHN"]
[Date "2017.12.12"]
[Round "3.2"]
[White "Tan, Zhongyi"]
[Black "Ju, Wenjun"]
[Result "1/2-1/2"]
[WhiteTitle "GM"]
[BlackTitle "GM"]
[WhiteElo "2517"]
[BlackElo "2567"]
[WhiteFideId "8603642"]
[BlackFideId "8603006"]
[EventDate "2017.12.12"]

1. d4 Nf6 2. c4 e6 3. Nf3 d5 4. Bg5 Bb4+ 5. Nc3 h6 6. Bxf6 Qxf6 7. e3 O-O 8. Rc1
dxc4 9. Bxc4 c5 10. O-O cxd4 11. Ne4 Qe7 12. Nxd4 Bd7 13. Be2 Nc6 14. a3 Nxd4
15. Qxd4 Ba5 16. Qd6 Bd8 17. Qxe7 Bxe7 18. Rc7 Rfd8 19. Bf3 Kf8 20. Rxb7 Rab8
21. Rxb8 Rxb8 22. b4 Rc8 23. h3 f5 24. Ng3 Rc3 25. Ra1 Bf6 26. Nh5 Be5 27. Nf4
Bf6 28. Rd1 Ke7 29. Ng6+ Ke8 30. Bh5 Ba4 31. Nf4+ Ke7 32. Ng6+ Ke8 33. Nf4+ Ke7
34. Ng6+ Ke8 1/2-1/2

[Event "2nd IMSA Blitz w 2017"]
[Site "Huai'an CHN"]
[Date "2017.12.12"]
[Round "4.2"]
[White "Zhao, Xue"]
[Black "Paehtz, Elisabeth"]
[Result "1-0"]
[WhiteTitle "GM"]
[BlackTitle "IM"]
[WhiteElo "2477"]
[BlackElo "2464"]
[WhiteFideId "8601283"]
[BlackFideId "4641833"]
[EventDate "2017.12.12"]

1. Nf3 Nf6 2. b3 d6 3. d4 g6 4. Bb2 Bg7 5. g3 O-O 6. Bg2 c6 7. O-O Qa5 8. Nbd2
Qh5 9. Re1 Bg4 10. c4 Nbd7 11. Qc2 e5 12. e4 Rfe8 13. c5 exd4 14. cxd6 c5 15. b4
b6 16. bxc5 bxc5 17. Nh4 Rac8 18. Nc4 Be6 19. e5 Nd5 20. a3 N5b6 21. Nxb6 axb6
22. f4 g5 23. Nf3 gxf4 24. gxf4 Qg4 25. Ng5 Qxf4 26. Qxh7+ Kf8 27. Bc1 Qg4 28.
Re4 Qd1+ 29. Bf1 Nxe5 30. Rxe5 Bxe5 31. Nxe6+ Rxe6 32. Bh6+ Rxh6 33. Qxh6+ Bg7
34. Qxg7+ Kxg7 35. Rxd1 Rd8 36. Bc4 Rxd6 37. Kf2 Rf6+ 38. Kg3 Rg6+ 39. Kf3 Rf6+
40. Ke2 Rh6 41. Rh1 Rh3 42. Bd3 Re3+ 43. Kd2 b5 44. Rg1+ Kf8 45. Rg3 Rxg3 46.
hxg3 c4 47. Be4 Ke7 48. Bc6 Kd6 49. Bxb5 Kc5 50. Ba6 f6 51. g4 Kd5 52. Bc8 Kc5
53. Be6 Kb5 54. Bd7+ Kc5 55. a4 Kb4 56. Bb5 d3 57. Bxc4 Kxc4 58. a5 Kb5 59. Kxd3
Kxa5 60. Ke4 1-0

[Event "2nd IMSA Blitz w 2017"]
[Site "Huai'an CHN"]
[Date "2017.12.12"]
[Round "4.3"]
[White "Harika, Dronavalli"]
[Black "Lagno, Kateryna"]
[Result "1/2-1/2"]
[WhiteTitle "GM"]
[BlackTitle "GM"]
[WhiteElo "2504"]
[BlackElo "2547"]
[WhiteFideId "5015197"]
[BlackFideId "14109336"]
[EventDate "2017.12.12"]

1. d4 Nf6 2. Nf3 g6 3. Bg5 Bg7 4. Nbd2 d5 5. e3 c5 6. c3 O-O 7. Bd3 b6 8. Qe2
Nc6 9. O-O Bb7 10. Rad1 Qc8 11. Rfe1 Re8 12. dxc5 bxc5 13. e4 e6 14. Qf1 Qc7 15.
exd5 exd5 16. Bb5 Ne4 17. Nxe4 dxe4 18. Nd2 a6 19. Ba4 h6 20. Be3 Qa5 21. Bb3
Ne5 22. Nc4 Qc7 23. Nd6 Red8 24. Nxb7 Qxb7 25. h3 c4 26. Bxc4 Nxc4 27. Qxc4 Qxb2
28. Rxd8+ Rxd8 29. Qxa6 Qxc3 30. Rf1 h5 31. a4 Kh7 32. Qb7 f5 33. Rc1 Qb2 34.
Qxb2 Bxb2 35. Rc7+ Kg8 36. Rb7 Rd1+ 37. Kh2 Be5+ 38. g3 h4 39. Bf4 hxg3+ 40.
fxg3 Bd4 41. h4 Ra1 42. Rb4 Bc3 43. Rc4 Bf6 44. Rc8+ Kf7 45. Rc7+ Ke6 46. Rc6+
Kf7 47. Rc7+ Ke6 48. Rc6+ Ke7 49. Rc7+ Ke6 50. Rc6+ 1/2-1/2

[Event "2nd IMSA Blitz w 2017"]
[Site "Huai'an CHN"]
[Date "2017.12.12"]
[Round "4.6"]
[White "Muzychuk, Mariya"]
[Black "Tan, Zhongyi"]
[Result "0-1"]
[WhiteTitle "GM"]
[BlackTitle "GM"]
[WhiteElo "2544"]
[BlackElo "2517"]
[WhiteFideId "14114550"]
[BlackFideId "8603642"]
[EventDate "2017.12.12"]

1. e4 d6 2. d4 Nf6 3. Nc3 g6 4. Bg5 Bg7 5. Qd2 c6 6. Bh6 O-O 7. O-O-O b5 8. Bxg7
Kxg7 9. e5 dxe5 10. dxe5 Qxd2+ 11. Rxd2 Ng4 12. f4 Na6 13. Nf3 Ne3 14. Bd3 Nc5
15. g3 Rd8 16. Re1 Nxd3+ 17. Rxd3 Rxd3 18. cxd3 Ng4 19. Ne4 Bf5 20. Kd2 Rd8 21.
Kc3 Bxe4 22. Rxe4 c5 23. Re2 h5 24. d4 cxd4+ 25. Nxd4 a6 26. a3 Nh6 27. Rc2 h4
28. gxh4 Ng4 29. Re2 Rh8 30. Nf3 Nh6 31. Rd2 Rc8+ 32. Kb3 Nf5 33. Rd7 Rc4 34.
Ra7 Rxf4 35. Ng5 Nd4+ 36. Kc3 Nc6 37. Rc7 Rc4+ 38. Kd2 Rd4+ 39. Ke3 Rc4 40. b3
Rc2 41. Nf3 Nd4 42. Rxe7 Nf5+ 43. Kd3 Rf2 44. Ra7 Rxf3+ 45. Ke2 Rxb3 46. Rxa6
Nxh4 47. a4 bxa4 48. Rxa4 Nf5 49. Ra7 Rb6 50. Kf3 Nd4+ 51. Ke4 Ne6 52. Rd7 Nc5+ 0-1

[Event "2nd IMSA Blitz w 2017"]
[Site "Huai'an CHN"]
[Date "2017.12.12"]
[Round "5.3"]
[White "Tan, Zhongyi"]
[Black "Muzychuk, Anna"]
[Result "0-1"]
[WhiteTitle "GM"]
[BlackTitle "GM"]
[WhiteElo "2517"]
[BlackElo "2582"]
[WhiteFideId "8603642"]
[BlackFideId "14111330"]
[EventDate "2017.12.12"]

1. d4 Nf6 2. c4 g6 3. g3 c5 4. Nf3 Bg7 5. Bg2 O-O 6. O-O cxd4 7. Nxd4 d5 8. cxd5
Nxd5 9. Nb5 e6 10. e4 Nb4 11. Qb3 N8c6 12. Rd1 Qe7 13. N1c3 a6 14. Nd6 Rd8 15.
Nxc8 Raxc8 16. Be3 Nd4 17. Bxd4 Bxd4 18. a3 Nc6 19. Qc2 Ne5 20. h3 Nc4 21. Nd5
exd5 22. Rxd4 Nxa3 23. Qd1 Nc2 24. exd5 Nxa1 25. Qxa1 Rc2 26. Rf4 Qe5 27. Qa5
Rd6 28. h4 Rf6 29. Qd8+ Kg7 30. h5 Rxf4 31. gxf4 Rc1+ 0-1

[Event "2nd IMSA Blitz w 2017"]
[Site "Huai'an CHN"]
[Date "2017.12.12"]
[Round "5.4"]
[White "Lagno, Kateryna"]
[Black "Dzagnidze, Nana"]
[Result "0-1"]
[WhiteTitle "GM"]
[BlackTitle "GM"]
[WhiteElo "2547"]
[BlackElo "2522"]
[WhiteFideId "14109336"]
[BlackFideId "13601903"]
[EventDate "2017.12.12"]

1. e4 c5 2. Nf3 e6 3. d4 cxd4 4. Nxd4 a6 5. c4 Nf6 6. Nc3 Qc7 7. Be3 b6 8. Be2
Bb7 9. f3 Nc6 10. Rc1 Nxd4 11. Bxd4 Bd6 12. Na4 Bxh2 13. Nxb6 Rb8 14. c5 Nh5 15.
Bf2 Rd8 16. e5 Qxe5 17. Qd4 Nf6 18. Nc4 Qxd4 19. Bxd4 Bg3+ 20. Bf2 Bf4 21. Nd6+
Bxd6 22. cxd6 Nd5 23. Kd2 O-O 24. Bd3 h6 25. Rh4 Rc8 26. Rhc4 Rxc4 27. Rxc4 Ra8
28. Ra4 f6 29. Ra5 Kf7 30. a3 Ke8 31. b4 Kf7 32. Bc5 Nf4 33. Bf1 g5 34. a4 h5
35. Bf2 Nd5 36. b5 axb5 37. Rxa8 Bxa8 38. Bxb5 Ke8 39. a5 Kd8 40. a6 Kc8 41. a7
h4 42. Ba6+ Kd8 43. Bd3 Kc8 44. Ba6+ Kd8 45. Bc4 Kc8 46. Bb5 Kd8 47. Ba4 Kc8 48.
Bc2 Bc6 49. Bd3 Kb7 50. Bg6 Nf4 51. Be8 Nxg2 0-1

[Event "2nd IMSA Blitz w 2017"]
[Site "Huai'an CHN"]
[Date "2017.12.12"]
[Round "5.5"]
[White "Paehtz, Elisabeth"]
[Black "Harika, Dronavalli"]
[Result "0-1"]
[WhiteTitle "IM"]
[BlackTitle "GM"]
[WhiteElo "2464"]
[BlackElo "2504"]
[WhiteFideId "4641833"]
[BlackFideId "5015197"]
[EventDate "2017.12.12"]

1. e4 d6 2. d4 Nf6 3. Nc3 g6 4. f4 Bg7 5. Nf3 c5 6. dxc5 Qa5 7. Qd4 Nc6 8. Qc4
O-O 9. Qb5 Qc7 10. Bd3 a6 11. Qb6 Qb8 12. cxd6 exd6 13. O-O Bg4 14. Qf2 b5 15.
a3 Nd7 16. Nd5 Nc5 17. Rb1 Re8 18. h3 Bxf3 19. gxf3 Ne7 20. Nxe7+ Rxe7 21. Be3
Qc7 22. Kg2 Rc8 23. Rfd1 Na4 24. c3 Ree8 25. Bf1 Nc5 26. Rd5 Ne6 27. f5 Nc5 28.
Rbd1 Nb7 29. Qh4 Qe7 30. Qxe7 Rxe7 31. Bg5 Rec7 32. f6 Bf8 33. Be3 Nc5 34. Kf2
Rc6 35. h4 Nd7 36. Bd4 Nb6 37. Bxb6 Rxb6 38. h5 Re8 39. Bh3 Rbb8 40. Bg4 a5 41.
b4 axb4 42. axb4 Rb7 43. Kg3 Reb8 44. R1d3 Rc7 45. hxg6 hxg6 46. Re3 Rb6 47.
Rdd3 d5 48. exd5 Rxf6 49. Re8 Kg7 50. Rde3 Bd6+ 51. Kg2 Bf4 52. Rd3 Rb6 53. Re4
Bd6 54. Re1 Rb8 55. Rh1 Be5 56. Rc1 Rc4 57. d6 f5 58. Bh3 Rd8 59. d7 Rc7 60.
Rcd1 Rxc3 61. Rxc3 Bxc3 62. Rd5 Bxb4 63. Rxb5 Be7 64. Rd5 Kf6 65. Kg3 Ke6 66.
Rd1 Bd6+ 67. Kh4 Be7+ 68. Kg3 Bd6+ 69. Kf2 Rxd7 70. Bf1 Bc5+ 71. Ke2 Ra7 72. Rc1
Kd6 73. Kd3 Ra3+ 74. Ke2 Re3+ 75. Kd2 Rxf3 76. Rd1 Ke5 77. Re1+ Kf6 78. Bd3 Bb4+ 0-1

[Event "2nd IMSA Blitz w 2017"]
[Site "Huai'an CHN"]
[Date "2017.12.12"]
[Round "6.1"]
[White "Harika, Dronavalli"]
[Black "Ushenina, Anna"]
[Result "1/2-1/2"]
[WhiteTitle "GM"]
[BlackTitle "GM"]
[WhiteElo "2504"]
[BlackElo "2416"]
[WhiteFideId "5015197"]
[BlackFideId "14110911"]
[EventDate "2017.12.12"]

1. c4 e5 2. Nc3 Nf6 3. Nf3 Nc6 4. e3 Bb4 5. Qc2 Bxc3 6. bxc3 e4 7. Ng5 d5 8. f3
exf3 9. Nxf3 O-O 10. cxd5 Qxd5 11. Be2 Bg4 12. O-O Rad8 13. c4 Qe4 14. Qxe4 Nxe4
15. Rb1 b6 16. Rb2 Rfe8 17. a3 Bh5 18. Rc2 h6 19. d3 Nc5 20. Rd1 Bg6 21. Ne1 Nb3
22. Kf2 Nxc1 23. Rcxc1 Na5 24. Rc3 c5 25. h3 Nc6 26. Nf3 Re7 27. d4 cxd4 28.
exd4 Be4 29. d5 Na5 30. Nd4 Rc8 31. Rdc1 Rec7 32. Nb5 Rd7 33. Bf3 Bxf3 34. Kxf3
a6 35. Nd4 Kf8 36. Nf5 g6 37. Ne3 Rc5 38. Rb1 b5 39. a4 Nxc4 40. Nxc4 Rxc4 41.
Rxc4 bxc4 42. Ke4 c3 43. Rc1 Rb7 44. Rxc3 Ke7 45. a5 Rb4+ 46. Ke3 Rb5 47. Kd4
Rxa5 48. Rc7+ Kd6 49. Rc6+ Ke7 50. Rb6 g5 51. Ke5 f6+ 52. Kd4 h5 53. Rb7+ Kd6
54. Rb6+ Ke7 55. Rb7+ Kd6 56. Rb6+ 1/2-1/2

[Event "2nd IMSA Blitz w 2017"]
[Site "Huai'an CHN"]
[Date "2017.12.12"]
[Round "6.2"]
[White "Muzychuk, Anna"]
[Black "Zhao, Xue"]
[Result "0-1"]
[WhiteTitle "GM"]
[BlackTitle "GM"]
[WhiteElo "2582"]
[BlackElo "2477"]
[WhiteFideId "14111330"]
[BlackFideId "8601283"]
[EventDate "2017.12.12"]

1. e4 Nf6 2. e5 Nd5 3. d4 d6 4. Nf3 c6 5. Be2 Bf5 6. O-O dxe5 7. Nxe5 Nd7 8. Nf3
e6 9. a3 b5 10. b3 Bd6 11. Re1 O-O 12. Bd3 Bxd3 13. Qxd3 Qf6 14. Bg5 Qg6 15.
Qxg6 hxg6 16. c4 bxc4 17. bxc4 N5f6 18. Nc3 Rab8 19. Ne5 Rfc8 20. Bxf6 Nxf6 21.
c5 Bxe5 22. dxe5 Nd5 23. Ne4 Rb3 24. g3 Rcb8 25. Red1 Kf8 26. Rd4 Rb2 27. Ra4
R8b7 28. Nd6 Rc7 29. Re1 g5 30. h4 gxh4 31. Rxh4 Kg8 32. Kg2 Ne7 33. Rb4 Rc2 34.
Rh1 Ng6 35. Rb8+ Nf8 36. Rd1 Rxc5 37. Ne8 Re7 38. Rdd8 Kh7 39. Nd6 Ng6 40. f4
Rc2+ 41. Kh3 Rc3 42. Kg4 f5+ 43. exf6 gxf6 44. Re8 Rg7 45. Kh3 Nxf4+ 46. Kh2
Rc2+ 47. Kh1 Rc1+ 48. Kh2 Rc2+ 49. Kh1 Rc1+ 50. Kh2 Rc2+ 51. Kh1 Ng6 52. Ne4
Rc1+ 53. Kg2 Nf4+ 54. Kf3 Nd5 55. Rxe6 Rf1+ 56. Kg2 Ra1 57. Rxc6 Ra2+ 58. Kh3
Rxa3 59. Rc5 Nf4+ 60. Kh2 Ra2+ 61. Kg1 Ne2+ 62. Kf1 Nxg3+ 63. Nxg3 Rxg3 64. Rb7+
Rg7 65. Rxg7+ Kxg7 66. Rc7+ Kg6 67. Rc5 f5 68. Rb5 Kg5 69. Rb4 f4 70. Rc4 Kg4
71. Rc3 a5 72. Rd3 a4 73. Rc3 a3 74. Rb3 f3 75. Rb8 Rb2 76. Rg8+ Kf4 77. Rf8+
Ke4 78. Re8+ Kd5 79. Ra8 a2 0-1

[Event "2nd IMSA Blitz w 2017"]
[Site "Huai'an CHN"]
[Date "2017.12.12"]
[Round "6.3"]
[White "Dzagnidze, Nana"]
[Black "Paehtz, Elisabeth"]
[Result "0-1"]
[WhiteTitle "GM"]
[BlackTitle "IM"]
[WhiteElo "2522"]
[BlackElo "2464"]
[WhiteFideId "13601903"]
[BlackFideId "4641833"]
[EventDate "2017.12.12"]

1. Nf3 g6 2. c4 Bg7 3. Nc3 d6 4. g3 e5 5. Bg2 Nc6 6. O-O f5 7. d3 Nf6 8. Rb1 a5
9. a3 O-O 10. b4 axb4 11. axb4 h6 12. b5 Ne7 13. Nd2 g5 14. Bb2 f4 15. Ra1 Rb8
16. Qb3 Be6 17. Nde4 Nxe4 18. Nxe4 Qd7 19. b6 c6 20. Qb4 Nf5 21. Ra7 Rf7 22.
Rfa1 Bf8 23. Qa4 Qd8 24. Qa5 h5 25. c5 d5 26. Bxe5 dxe4 27. Bxb8 Qxb8 28. Ra8
Qe5 29. Bxe4 fxg3 30. hxg3 Nxg3 31. Qd2 Nxe4 32. dxe4 Kh7 33. R1a4 Bxc5 34. e3
Qf6 35. Qc2 Qf3 36. e5+ Kg7 37. Re4 0-1

[Event "2nd IMSA Blitz w 2017"]
[Site "Huai'an CHN"]
[Date "2017.12.12"]
[Round "6.4"]
[White "Ju, Wenjun"]
[Black "Lagno, Kateryna"]
[Result "0-1"]
[WhiteTitle "GM"]
[BlackTitle "GM"]
[WhiteElo "2567"]
[BlackElo "2547"]
[WhiteFideId "8603006"]
[BlackFideId "14109336"]
[EventDate "2017.12.12"]

1. d4 Nf6 2. c4 g6 3. Nc3 d5 4. Nf3 Bg7 5. e3 O-O 6. Bd2 c5 7. dxc5 Na6 8. cxd5
Nxc5 9. Bc4 Bf5 10. O-O Rc8 11. Qe2 Nfe4 12. Nd4 Nxd2 13. Qxd2 Ne4 14. Qe2 Nxc3
15. bxc3 Be4 16. Bb3 Bxd5 17. c4 Be4 18. Rad1 Qa5 19. f3 Bc6 20. Nxc6 Rxc6 21.
Rd7 Rc7 22. Rfd1 Bf6 23. Rxc7 Qxc7 24. Qd3 Qc5 25. Kf2 Rc8 26. Qe4 Qc7 27. Rd5
e6 28. Rd1 Qxh2 29. Qg4 h5 30. Qh3 Qe5 31. Qh1 b5 32. cxb5 Qxb5 33. Qe1 Qe5 34.
Kg1 Rc3 35. e4 Qf4 36. Qd2 Qg3 37. Qf2 Qf4 38. Qd2 Re3 39. Re1 Rxf3 40. Qd7 Qg3
41. Rf1 Rxf1+ 42. Kxf1 Qf4+ 43. Kg1 Qxe4 44. Qd2 Bd4+ 45. Kf1 Be3 46. Qc2 Qf4+
47. Ke2 Qf2+ 48. Kd3 Qxc2+ 49. Bxc2 Bb6 50. Ke4 Kg7 51. Bb3 Bc7 52. Bc4 f5+ 53.
Kf3 Kf6 54. Bb3 e5 55. Bc4 e4+ 56. Ke3 Bb6+ 57. Ke2 f4 58. Bd5 Ke5 59. Bf7 Kf5
60. Be8 Kg5 61. Bc6 e3 62. Be8 Kh6 63. Kf3 g5 64. Bd7 g4+ 65. Ke2 Kg5 66. Bc8
Kh4 67. Bd7 Kg3 68. Bc6 h4 69. Bd5 h3 70. gxh3 Kxh3 0-1

[Event "2nd IMSA Blitz w 2017"]
[Site "Huai'an CHN"]
[Date "2017.12.12"]
[Round "7.1"]
[White "Stefanova, Antoaneta"]
[Black "Muzychuk, Anna"]
[Result "1-0"]
[WhiteTitle "GM"]
[BlackTitle "GM"]
[WhiteElo "2500"]
[BlackElo "2582"]
[WhiteFideId "2902257"]
[BlackFideId "14111330"]
[EventDate "2017.12.12"]

1. d4 Nf6 2. Nf3 g6 3. g3 Bg7 4. Bg2 O-O 5. O-O d5 6. Nbd2 a5 7. a4 Nc6 8. c3
Re8 9. Re1 e5 10. dxe5 Nxe5 11. Nxe5 Rxe5 12. Nf3 Re8 13. Bg5 c6 14. Qb3 h6 15.
Be3 Rxe3 16. fxe3 Qe7 17. c4 dxc4 18. Qa3 Qe8 19. Nd2 Be6 20. Qc5 Bd5 21. e4
Nxe4 22. Nxe4 Bxe4 23. Qxc4 Bxg2 24. Kxg2 Bxb2 25. Rab1 Qe5 26. Rf1 Rf8 27. Qc2
Bd4 28. Rxb7 c5 29. Rf3 Qd5 30. Qb3 c4 31. Qb1 Re8 32. Rxf7 Rxe2+ 33. Kh1 Qxf7
34. Rxf7 Kxf7 35. Qf1+ Rf2 36. Qxc4+ 1-0